[Event "Mitropa Cup 19th"]
[Site "Baden"]
[Date "1999.04.04"]
[Round "4"]
[White "Varga, Zoltan"]
[Black "Tratar, Marko"]
[Result "1-0"]
[WhiteElo "2518"]
[BlackElo "2450"]
[Annotator "Rodriguez,Am"]
[PlyCount "81"]
[EventDate "1999.04.??"]
[EventType "team-tourn"]
[EventRounds "9"]
[EventCountry "SUI"]
[Source "ChessBase"]
[SourceDate "1999.08.01"]

1. e4 c5 2. Nf3 d6 3. d4 cxd4 4. Nxd4 Nf6 5. f3 Nc6 {If Black wants to avoid
the complications after 5...e5 followed by the pawn sac ...d6-d5, then the
text is a safe option.} 6. c4 e5 $6 {After this White has nice positional
prospects. I believe all the known alternatives are better.} (6... e6) (6... g6
) (6... Qb6) 7. Nc2 Be7 (7... Nxe4 8. fxe4 Qh4+ 9. Kd2 Qxe4 10. Nc3 Qg6 11. Ne3
Be7 12. Bd3 f5 13. Kc2 O-O 14. Kb1 Bg5 15. g3 Bxe3 16. Bxe3 Be6 17. b3 $16 {
1-0 Bonch Osmolovsky,M-Abramov,L/Moscow 1949/MCD (45)}) (7... Nh5 8. Be3 f5 9.
Nc3 Nf6 10. Be2 $6 (10. exf5 Bxf5 11. Bd3) 10... Be7 11. Qd2 $6 fxe4 12. fxe4
Be6 13. O-O O-O 14. h3 a6 15. Rad1 Qe8 16. Qd3 Qg6 17. Bc1 Rad8 18. b3 Nd7 19.
Rxf8+ Rxf8 20. Rf1 Nc5 21. Rxf8+ Bxf8 22. Qe3 Bf7 23. Bg4 Ne7 24. Qg5 $4 Nxe4
25. Qxg6 Bxg6 26. Be6+ Kh8 {0-1 Corte,C-Patt Rubinstein,J/Buenos Aires 1947/
EXT 98 (26)}) 8. Nc3 (8. Be3 Nh5 9. Qd2 O-O 10. Nc3 f5 11. O-O-O g6 (11... Nf6
12. exf5 Bxf5 13. g4 Be6 14. h4 Qa5 15. h5 Rfc8 16. g5 Nd7 17. Kb1 Bf8 18. Ne4
$16 {1/2-1/2 Kedrov,V-Saulin,D/Moscow 1996/CBM 55 ext (40)}) 12. Nd5 f4 13.
Nxe7+ Qxe7 14. Bf2 Rd8 15. Nb4 Be6 16. Nd5 $16 {1/2-1/2 Mueller,C-Georgiev,K/
Regensburg 1996/EXT 97 (26)}) 8... O-O 9. Be3 Ne8 10. Be2 (10. Qd2 h6 $5 {/\
Bg5}) 10... f5 11. exf5 $1 Bxf5 12. Bd3 {It is not so important to lose a
tempo here, White occupies the central squares.} Bh4+ 13. g3 Bg5 14. Bxf5 $1
Rxf5 15. Bf2 $5 Rf7 16. O-O Qf6 17. Kg2 Qg6 18. Qe2 Nf6 19. Rad1 Rd7 20. Qd3
Qf7 21. b3 {White is slowly consolidating his position.} g6 22. h4 Bh6 23. g4
Bf4 24. g5 Ne8 25. Qd5 $1 {Interesting judgement, the White pieces cooperate
very well in the ending while the Black bishop on f4 does little to defend the
queen side.} Qxd5 26. Nxd5 Rf7 27. Nc3 $5 h6 28. Ne4 hxg5 29. hxg5 Rd8 30. Rd3
Rfd7 31. Rfd1 b6 32. c5 $5 {A bit risky but it seems to work.} bxc5 33. Nxc5
Rc7 {Can be a mistake from the bulletin instead of Re7} 34. Ne4 (34. Ne6 $18)
34... Rcd7 35. Rc3 Ne7 36. Nb4 $1 Nf5 (36... d5 37. Nc5 Rc7 38. Rcd3 $16) 37.
Nd5 {Total domination, White has a large positional advantage.} Kf7 38. Rc6 Ne7
39. Nxe7 Kxe7 40. Ra6 Ra8 41. Rh1 1-0

[Event "Mitropa Cup 19th"]
[Site "Baden"]
[Date "1999.04.04"]
[Round "4"]
[White "Zelcic, Robert"]
[Black "Boyd, Stephen"]
[Result "1-0"]
[WhiteElo "2554"]
[BlackElo "2370"]
[PlyCount "53"]
[EventDate "1999.04.??"]
[EventType "team-tourn"]
[EventRounds "9"]
[EventCountry "SUI"]
[Source "ChessBase"]
[SourceDate "1999.08.01"]

1. e4 c5 2. Nf3 Nc6 3. d4 cxd4 4. Nxd4 Nf6 5. Nc3 e5 6. Ndb5 d6 7. Bg5 a6 8.
Na3 b5 9. Bxf6 gxf6 10. Nd5 Bg7 11. c3 f5 12. exf5 Bxf5 13. Nc2 O-O 14. Nce3
Be6 15. Bd3 f5 16. O-O Ne7 17. Nxe7+ Qxe7 18. Bxf5 Kh8 19. Bxe6 Qxe6 20. Qd5
Qg6 21. Rad1 Rad8 22. Qc6 e4 23. Qxa6 Be5 24. Rd5 Qh5 25. g3 Rf6 26. Rxe5 Qxe5
27. Ng4 1-0

[Event "Mitropa Cup 19th"]
[Site "Baden"]
[Date "1999.04.05"]
[Round "5"]
[White "Bellini, Fabio"]
[Black "Varga, Zoltan"]
[Result "1/2-1/2"]
[WhiteElo "2418"]
[BlackElo "2518"]
[Annotator "Finkel,A"]
[PlyCount "63"]
[EventDate "1999.04.??"]
[EventType "team-tourn"]
[EventRounds "9"]
[EventCountry "SUI"]
[Source "ChessBase"]
[SourceDate "1999.08.01"]

1. e4 Nf6 2. e5 Nd5 3. Nc3 Nb6 4. d4 d6 5. Nf3 Bg4 (5... Bf5 6. Bd3 Qd7 7. O-O
d5 8. a4 Bxd3 9. Qxd3 e6 10. a5 Nc8 11. Ne2 a6 12. b3 $14 {Van der Wiel,
J-Alburt,L/Wijk 1980}) 6. h3 Bf5 (6... Bh5 7. g4 (7. Bf4 e6 8. Be2 Bxf3 9. Bxf3
d5 10. O-O c5 11. Ne2 Nc6 12. c3 Be7 13. b3 $14 {Huebner,R-Conquest,S/BL9596
1996}) 7... Bg6 8. h4 $5 (8. e6 fxe6 9. Ng5 Qd7 10. Bd3 Bxd3 11. Qxd3 Nc6 12.
Be3 (12. Nxh7 Nxd4 13. Bd2 Qc6 14. O-O-O Qc4 15. Qg6+ Kd7 16. Be3 c5 $13 {
Krakops,M-Hetey,L/Groningen op 1995}) 12... Nb4 13. Qe4 Qc6 14. Qxc6+ bxc6 15.
O-O-O Kd7 16. Nce4 h6 $15 {Mashian,Y-Vertkin,S/Tel Aviv ASA 1993}) 8... h5 9.
e6 Qc8 10. exf7+ Bxf7 11. Ng5 Qxg4 12. Be2 Qf5 13. Rh3 $36 {Haag,E-Csom,I/
HUN-ch 1964}) (6... Bxf3 7. Qxf3 d5 8. Bd3 e6 9. O-O Nc6 10. Bb5 Qd7 11. Na4 a6
$11 {Duemmke,J-Kohtz,A/Wichern op 1997}) 7. Bd3 Bxd3 8. Qxd3 e6 (8... dxe5 9.
Nxe5 N8d7 10. Bf4 e6 (10... g6) 11. O-O Be7 12. Qf3 Nxe5 13. Bxe5 $14) 9. exd6
Bxd6 10. Ne4 h6 11. O-O O-O 12. c4 ({Another possibility promising white small
advantage was} 12. Nxd6 cxd6 13. c4 d5 14. c5 N6d7 15. Bf4 Nc6 16. b4 $5 Nxb4
17. Qb5 Nc6 18. Qxb7 $14) 12... Be7 {Deciding to keep thr bishop.} 13. b3 N8d7
14. Bb2 a5 15. Rad1 c6 16. Qe3 Nf6 17. d5 $1 {[%csl Rb6] White pieces take
very comfortable positions,while black ones lack coordination so this
breakthrough in the center should be in white's favour.} (17. Nc5) 17... Nxe4
$8 ({Of course not} 17... exd5 $2 18. Nxf6+ Bxf6 19. Bxf6 gxf6 (19... Qxf6 20.
Qxb6 $18) 20. Qxh6 $18 {[%cal Gd1d4,Gd4g4] and white has winning position.})
18. dxe6 Nd6 19. Ne5 ({Deserved attention} 19. Be5 $5 {,but also in this case
black manages to hold:} c5 $6 (19... f6 20. Bxd6 Bxd6 21. Rfe1 Re8 (21... Qe7
22. Qxb6 Bc5 23. Rd7 Qxd7 24. Qxc5 Qc7 25. Qf5 $36) 22. e7 Rxe7 23. Rxd6 Rxe3
24. Rxd8+ Rxd8 25. Rxe3 $11) 20. Qxc5 Nbc8 21. Qd5 {[%cal Gc4c5]} Qe8 22. Rfe1
$1 $36 {[%cal Ge1e8]}) 19... Qc7 20. c5 Nd5 21. Rxd5 ({Nothing changes} 21.
cxd6 Bxd6 (21... Nxe3 22. dxc7 Nxd1 23. exf7+ Rxf7 24. Rxd1 Rff8 25. Nd7 $16)
22. exf7+ Rxf7 23. Rxd5 cxd5 24. Nxf7 Qxf7 $11) 21... cxd5 22. cxd6 Bxd6 23.
exf7+ Rxf7 24. Nxf7 Qxf7 25. Rd1 $11 ({After} 25. Re1 Rc8 26. Bd4 Rc2 27. a4
$13 {black has sufficient counterchanses.}) 25... Re8 26. Qd3 Bc5 27. Bd4 (27.
Qxd5 Bxf2+ 28. Kh2 (28. Kf1 $2 Re1+ $1 29. Rxe1 Qxd5 30. Kxf2 Qf5+ $17) 28...
Qxd5 29. Rxd5 Re2 $11) 27... Bxd4 28. Qxd4 Re4 29. Qd3 ({Doesn't change the
outcome of the game} 29. Qxd5 Re1+ 30. Kh2 Rxd1 31. Qxd1 Qxf2 32. Qd5+ Kh7 33.
Qxa5 Qf4+ 34. Kg1 Qe3+ 35. Kf1 Qf4+ $11) 29... a4 30. g3 axb3 31. axb3 Re5 32.
Kg2 1/2-1/2

[Event "Mitropa Cup 19th"]
[Site "Baden"]
[Date "1999.04.05"]
[Round "5"]
[White "Bergez, Luc"]
[Black "Huebner, Robert"]
[Result "1/2-1/2"]
[WhiteElo "2378"]
[BlackElo "2585"]
[PlyCount "81"]
[EventDate "1999.04.??"]
[EventType "team-tourn"]
[EventRounds "9"]
[EventCountry "SUI"]
[Source "ChessBase"]
[SourceDate "1999.08.01"]

1. e4 e6 2. d4 d5 3. exd5 exd5 4. Nf3 Bd6 5. c4 Nf6 6. Nc3 O-O 7. cxd5 Nbd7 8.
Bg5 Nb6 9. Ne5 Re8 10. f4 h6 11. h4 Be7 12. Bb5 Rf8 13. Bxf6 Bxf6 14. Qf3 Be7
15. a3 Bf5 16. O-O-O f6 17. Ng4 Bxg4 18. Qxg4 f5 19. Qf3 Bd6 20. g3 a6 21. Bd3
Qf6 22. Rhe1 Rae8 23. Re2 Rxe2 24. Qxe2 g6 25. h5 g5 26. fxg5 Qxg5+ 27. Kb1 Kg7
28. Rf1 Qg4 29. Qe6 Qxh5 30. Bxf5 Re8 31. g4 Rxe6 32. gxh5 Re3 33. Be6 Nc4 34.
Rf7+ Kh8 35. Rf6 Nxa3+ 36. bxa3 Rxc3 37. Rxh6+ Kg7 38. Rg6+ Kh8 39. Rh6+ Kg7
40. Rg6+ Kh8 41. Rh6+ 1/2-1/2

[Event "Mitropa Cup 19th"]
[Site "Baden"]
[Date "1999.04.05"]
[Round "5"]
[White "Boyd, Stephen"]
[Black "Kindermann, Stefan"]
[Result "0-1"]
[WhiteElo "2370"]
[BlackElo "2541"]
[PlyCount "108"]
[EventDate "1999.04.??"]
[EventType "team-tourn"]
[EventRounds "9"]
[EventCountry "SUI"]
[Source "ChessBase"]
[SourceDate "1999.08.01"]

1. e4 e6 2. d3 d5 3. Nd2 Nf6 4. Ngf3 b6 5. g3 dxe4 6. dxe4 Bc5 7. Bd3 e5 8. Nc4
Nc6 9. c3 Ng4 10. Rf1 b5 11. Ne3 Bxe3 12. Bxe3 Nxe3 13. fxe3 a6 14. Bc2 Qe7 15.
Bb3 O-O 16. Nh4 g6 17. Qf3 Na5 18. Bc2 f6 19. Rf2 Be6 20. Kf1 Rad8 21. Kg1 Kg7
22. Rd1 Rxd1+ 23. Qxd1 Rd8 24. Qe1 Nc4 25. Bb3 Qc5 26. Ng2 a5 27. a3 Nxe3 28.
Nxe3 Bxb3 29. Rd2 Rd6 30. Rxd6 Qxd6 31. Qe2 c6 32. Kf2 a4 33. Ke1 Kf7 34. Qd2
Qxd2+ 35. Kxd2 h5 36. h4 Ke6 37. Ke2 Ba2 38. Nd1 Bb1 39. Nf2 f5 40. exf5+ gxf5
41. c4 f4 42. gxf4 exf4 43. cxb5 cxb5 44. Nh3 Kf5 45. Nf2 Be4 46. Kd2 Bf3 47.
Kd3 Bd5 48. Ke2 f3+ 49. Ke3 Ba8 50. Nd3 Kg4 51. Kf2 Kxh4 52. Nf4 Kg4 53. Ng6
Be4 54. Ne5+ Kf4 0-1

[Event "Mitropa Cup 19th"]
[Site "Baden"]
[Date "1999.04.05"]
[Round "5"]
[White "Cvek, Robert"]
[Black "Plachetka, Jan"]
[Result "1/2-1/2"]
[WhiteElo "2442"]
[BlackElo "2395"]
[PlyCount "43"]
[EventDate "1999.04.??"]
[EventType "team-tourn"]
[EventRounds "9"]
[EventCountry "SUI"]
[Source "ChessBase"]
[SourceDate "1999.08.01"]

1. b3 e5 2. Bb2 d6 3. c4 Nc6 4. e3 g6 5. Nf3 Bg7 6. d4 exd4 7. Nxd4 Nxd4 8.
Bxd4 Nf6 9. Be2 O-O 10. O-O Be6 11. Nc3 d5 12. c5 c6 13. Bf3 Nd7 14. b4 Ne5 15.
Be2 Qh4 16. f4 Ng4 17. Bxg4 Bxg4 18. Qd2 Bc8 19. Bxg7 Kxg7 20. Qd4+ Qf6 21. h3
Bf5 22. g4 1/2-1/2

[Event "Mitropa Cup 19th"]
[Site "Baden"]
[Date "1999.04.05"]
[Round "5"]
[White "Cvitan, Ognjen"]
[Black "Hebesberger, Thomas"]
[Result "1-0"]
[WhiteElo "2521"]
[BlackElo "2240"]
[PlyCount "45"]
[EventDate "1999.04.??"]
[EventType "team-tourn"]
[EventRounds "9"]
[EventCountry "SUI"]
[Source "ChessBase"]
[SourceDate "1999.08.01"]

1. d4 d6 2. Nf3 Nf6 3. g3 Nbd7 4. c4 e5 5. Nc3 c6 6. e4 Be7 7. Bg2 O-O 8. O-O
Re8 9. h3 a6 10. Be3 Bf8 11. d5 Nc5 12. dxc6 Qb6 13. cxb7 Bxb7 14. Qc2 Qb4 15.
Nd2 Bc6 16. a3 Qb7 17. b4 Ne6 18. Nb3 Rac8 19. Na5 Qa8 20. Qb3 h6 21. Nd5 Nd7
22. Rfc1 Nc7 23. a4 1-0

[Event "Mitropa Cup 19th"]
[Site "Baden"]
[Date "1999.04.05"]
[Round "5"]
[White "Jenni, Florian"]
[Black "Jelen, Igor"]
[Result "1-0"]
[WhiteElo "2394"]
[BlackElo "2389"]
[PlyCount "53"]
[EventDate "1999.04.??"]
[EventType "team-tourn"]
[EventRounds "9"]
[EventCountry "SUI"]
[Source "ChessBase"]
[SourceDate "1999.08.01"]

1. e4 c5 2. Nf3 Nc6 3. d4 cxd4 4. Nxd4 Nf6 5. Nc3 e5 6. Ndb5 d6 7. Bg5 a6 8.
Na3 b5 9. Bxf6 gxf6 10. Nd5 f5 11. c3 Bg7 12. exf5 Bxf5 13. Nc2 O-O 14. Nce3
Be6 15. Bd3 f5 16. Qh5 Ra7 17. Bc2 Raf7 18. g4 Bxd5 19. Nxd5 e4 20. f4 Na5 21.
O-O-O Nc4 22. gxf5 Rxf5 23. Qe2 Qa5 24. Bb3 Kh8 25. Bxc4 bxc4 26. Qxc4 Rh5 27.
Rhg1 1-0

[Event "Mitropa Cup 19th"]
[Site "Baden"]
[Date "1999.04.05"]
[Round "5"]
[White "Konopka, Michal"]
[Black "Manik, Mikulas"]
[Result "1-0"]
[WhiteElo "2480"]
[BlackElo "2478"]
[Annotator "Stohl,I"]
[PlyCount "139"]
[EventDate "1999.04.??"]
[EventType "team-tourn"]
[EventRounds "9"]
[EventCountry "SUI"]
[Source "ChessBase"]
[SourceDate "1999.08.01"]

1. Nf3 {Hecht} Nf6 2. c4 g6 3. g3 Bg7 4. Bg2 O-O 5. d4 d6 6. O-O Nc6 7. Nc3 a6
8. b3 Rb8 9. Nd5 Nh5 10. Bb2 e6 11. Ne3 ({There have been new ideas also in
the other line} 11. Nc3 $5 b5 12. d5 Ne7 (12... Na5 13. dxe6 Bxe6 14. cxb5 axb5
15. Qc2 Nf6 16. Ng5 Bf5 17. e4 Bd7 18. Rad1 b4 19. Ne2 Re8 20. Nf4 Rb5 21. h4
h6 22. e5 $5 dxe5 23. Nxf7 Kxf7 24. Qxg6+ Kg8 25. Bh3 Rb6 26. Bxd7 Nxd7 27. Qg4
Rd6 28. Nh5 Qe7 29. Rxd6 cxd6 30. Nxg7 Qxg7 31. Qxb4 $16 {Ehlvest,J-Bologan,V/
Stratton Mountain Vermon/  1999/}) 13. dxe6 Bxe6 (13... fxe6 14. c5 Bb7 $5 15.
cxd6 cxd6 16. Qd2 Qd7 17. Rad1 Rbd8 18. a3 $6 Nf6 19. Qc2 Qc8 20. Qb1 Qa8 21.
Rfe1 Ne4 22. Nxe4 Bxe4 23. Qa1 e5 24. b4 Nf5 25. Rf1 Bh6 26. Qa2+ Kh8 27. Qb3
Bg7 28. Rd2 Rc8 29. Ne1 Rc4 $15 {[%cal Gc8c1] (),<->c,Grabarczyk,M-Socko,B/
POL-ch Polanica Zdroj/1999/}) 14. cxb5 axb5 15. Qd2 b4 $5 $146 16. Ne4 Bxb2 17.
Qxb2 Bd5 $1 18. Ned2 c5 19. e4 Be6 20. Rad1 Nc6 21. Rfe1 Re8 22. e5 dxe5 23.
Ne4 Qb6 24. Nd6 Red8 25. Nxe5 Nd4 26. Ndc4 Bxc4 27. Nxc4 Qf6 28. Re5 Re8 29.
Rde1 $11 {1/2,Cvitan,O-Tkachiev,V/Pula CRO-Cup/1999/}) 11... f5 (11... Ne7 12.
Rc1 (12. Qc2 f5 13. Rfd1 Bd7 14. Rac1 h6 15. d5 e5 16. c5 f4 17. Nc4 Bf5 18.
Qd2 g5 19. cxd6 cxd6 20. Qb4 Nc8 21. Nfd2 Nf6 22. Ba3 Ne8 23. Ne4 $14 {
Rotstein,A-Guadalpi,D/FRA-chT/1999/}) 12... Bd7 13. c5 Bh6 (13... Bc6 $142 $5)
14. cxd6 cxd6 15. Rc2 Bc6 16. Ng4 Bg7 17. Ne1 Bxg2 18. Nxg2 f5 19. N4e3 d5 $6
20. Ba3 Re8 21. Ne1 Nc6 22. Nf3 Nf6 23. Ne5 Nxe5 24. dxe5 Nd7 25. Bd6 Rc8 26.
Rxc8 Qxc8 27. f4 $36 {Akopian,V-Kuzmin,A/Dubai op/1999/}) (11... Bd7 $5 $146
12. Qd2 Ne7 13. c5 Bc6 14. cxd6 cxd6 15. Nc4 Nf6 16. a4 Bd5 17. a5 Ne4 18. Qb4
Nc6 19. Qa4 Na7 20. Qb4 Nc6 $11 21. Qa4 Na7 22. Qb4 Nc6 23. Qa4 {1/2,Akopian,
V-Sakaev,K/Dubai op/1999/}) 12. Qd2 f4 $5 $146 {A double-edged new idea in a
topical line.} (12... Ne7 13. Rac1 b6 14. c5 $1 dxc5 15. Rfd1 f4 16. Ng4 cxd4
17. Bxd4 e5 18. Ngxe5 c5 19. Bc3 Qxd2 20. Rxd2 fxg3 21. hxg3 Nf6 22. Ng5 Bf5
23. e4 Bc8 24. Nc4 h6 25. Be5 Rb7 26. Bd6 hxg5 27. e5 $18 {Akopian,V-Bologan,V/
Elista olm/1998/}) 13. Nd1 (13. Nc2 e5 {פc2} (13... b5 $5 $132 {/\} 14. cxb5
axb5 15. g4 Nf6 16. Qxf4 e5 17. dxe5 Nxg4 $36)) 13... e5 (13... b5 14. d5 $16 (
14. Rc1 $36)) 14. dxe5 dxe5 15. Qd5+ $2 {After this Black's idea works well.} (
15. Qxd8 $142 Rxd8 16. Ng5 Ne7 (16... Nd4 17. Bd5+ Rxd5 (17... Kf8 18. Nxh7+
Ke7 19. e3 $16) 18. cxd5 Nxe2+ 19. Kg2 Nd4 20. Rc1 $16) 17. Ba3 Bf8 18. Nc3 $14
{[%csl Re4,Re5] ><e4,e5}) 15... Qxd5 16. cxd5 Nd4 $1 17. Nxd4 (17. Bxd4 exd4
18. Rc1 Rf7 19. Ng5 Re7 $17 {[%csl Gc8,Rd5,Re2,Gg7] ><d5,e2,^^}) (17. Nc3 Bg4
$5 $36 (17... fxg3 18. hxg3 (18. fxg3 Nc2 $17) 18... Bg4 $15)) 17... exd4 $36 {
[%csl Rd1] פd1} 18. Rc1 Bg4 19. f3 (19. Bf3 $5 Bxf3 (19... Bh3 20. Bxh5 $1 (
20. Re1 d3 $1 21. exd3 (21. Bxg7 $4 d2 $19) 21... Bxb2 22. Nxb2 fxg3 $40) 20...
gxh5 (20... Bxf1 21. Bg4 $16) 21. Re1 $13) 20. exf3 Rf7 21. g4 (21. Rc4 Rd8 {/\
} 22. Bxd4 $2 b5 $19) 21... Nf6 22. Bxd4 Nxd5 $15 {/-/+}) 19... Bd7 {Now even
the Bg2 is restricted, White will lose the Pd5 quickly.} 20. g4 (20. Rxc7 Rf7
21. Nf2 (21. Kf2 Be5 $40) (21. g4 Nf6 {-20.g4}) 21... Be5 22. Rc2 fxg3 23. hxg3
Nxg3 24. Rd1 Nf5 $36) 20... Nf6 21. Rxc7 Rf7 {[%csl Rg2]} 22. d6 Ne8 23. Rc2
Nxd6 24. Nf2 Nb5 ({Premature is} 24... g5 $2 25. Rd1 Nb5 26. Ne4 $14 {><g5,d4})
25. Ne4 Bc6 26. Rd1 Rd8 27. g5 $8 {Otherwise White has no <=>.} (27. a4 $143
Nc7 28. g5 Nd5 $1 $17) 27... Rf5 28. h4 (28. Bh3 Bxe4 29. fxe4 Rxg5+ $17) 28...
Rfd5 29. Bh3 (29. Rd3 $142 $1 $15) 29... d3 $36 30. exd3 Rxd3 $2 (30... Bxb2 $1
31. Rxb2 (31. Be6+ Kg7 32. Bxd5 $2 Bd4+ $19) 31... Rxd3 $17 {[%csl Rf3][%cal
Rb5d4] ><f3,Nd4}) 31. Rxd3 Rxd3 32. Be6+ Kh8 (32... Kf8 33. Nf6 Ke7 $5 (33...
Rxf3 34. a4 $1 $40 (34. Nxh7+ Ke7 $17)) 34. Bc4 Rxf3 35. Re2+ Kd8 36. Be5 $132)
33. Nf6 $1 Nd4 (33... Rxf3 $2 34. Rd2 Rg3+ 35. Kh2 (35. Kf1 Rf3+ $11) 35... Nc7
36. Bf7 $1 (36. Rd8+ Ne8 37. Bd5 Re3 38. Nxe8 Rxe8 39. Rxe8+ Bxe8 40. Bxg7+
Kxg7 41. Bxb7 $16) 36... h6 37. Be5 $18) 34. Bxd4 Rxd4 35. Kg2 Bxf6 $6 {This
gives away the rest of the advantage.} (35... Bf8 $15 {would still leave Black
some edge, although probably insufficient.}) 36. gxf6 $132 {[%csl Gf6] o^f6
Hecht: '[#]  Fehlerhafte Verteidigung führt zu einem Endspiel Turm vs Läufer'}
Rd3 (36... Rd6 37. Re2 Rd3 38. Rf2 Rd6 $11) 37. Rf2 h6 (37... Rd6 $11 {was the
most sensible.}) (37... Rd6 {Hecht} 38. f7 Kg7 39. Re2 Bd5 40. Bxd5 Rxd5 41.
Re7 Rd2+ 42. Kh3 h5 43. a4 b5 $15) 38. a4 Re3 $6 39. Bc4 b5 40. axb5 axb5 41.
Bf7 $16 g5 (41... Kh7 42. Rc2 $1 Bxf3+ 43. Kf2 $40) 42. hxg5 hxg5 43. Bh5 $1
Re6 (43... Rxb3 44. Rc2 Bd7 45. Rd2 Be6 46. Bg6 $1 $18) 44. f7 Rf6 45. Rd2 {
The Pf7 will cost Black material.} Kg7 46. Rd8 g4 $8 47. Rg8+ Kh6 48. f8=Q+ (
48. Rg6+ $2 Rxg6 49. f8=Q+ Kxh5 $11) 48... Rxf8 49. Rxf8 Bxf3+ 50. Kf2 Kxh5 {
Hecht: '[#]  Das Endspiel Turm gegen Läufer ist technisch leicht gewonnen.'}
51. Rxf4 $18 {Black can't protect both pawns.} Kg5 (51... Kh4 {Hecht} 52. Rxf3
gxf3 53. Kxf3 Kg5 54. Ke4 Kf6 55. Kd5 Ke7 56. Kc5 Kd7 57. Kxb5 Kc7 58. Ka6 $18)
52. Kg3 Bd1 (52... Be2 53. Re4 $18) 53. Rb4 Be2 54. Re4 Bd1 (54... Bd3 55.
Rxg4+ (55. Re5+ Kf6 56. Rd5 Be2) 55... Kf5 56. Rf4+ Ke5 57. Kf3 $18) 55. Re5+
Kf6 56. Rxb5 Ke6 57. b4 Kd6 58. Rc5 Be2 59. Kf4 Bd1 (59... Kd7 60. b5 Kd6 61.
b6 $18) 60. Rc1 Bf3 61. Rc2 Kd7 62. b5 Kd6 63. b6 Kd7 64. Rc7+ Kd8 (64... Kd6
65. Rh7 $18) 65. Kg3 ({The simplest is} 65. Ke5 $5 g3 66. Kd6 g2 67. b7 $1 Bxb7
68. Rxb7 $18) 65... Bd1 66. Rc1 Bf3 67. Rc3 Kd7 68. Kf4 Kd6 (68... Kd8 69. Rc7
$18 {transposes to the line above.} (69. Ke5 {Hecht} Kd7 70. Rc7+ Kd8 71. Kd6
g3 72. b7 $18)) 69. Rc7 Bd1 70. Rg7 1-0

[Event "Mitropa Cup 19th"]
[Site "Baden"]
[Date "1999.04.05"]
[Round "5"]
[White "Lehner, Oliver"]
[Black "Kozul, Zdenko"]
[Result "1-0"]
[WhiteElo "2408"]
[BlackElo "2585"]
[PlyCount "155"]
[EventDate "1999.04.??"]
[EventType "team-tourn"]
[EventRounds "9"]
[EventCountry "SUI"]
[Source "ChessBase"]
[SourceDate "1999.08.01"]

1. d4 Nf6 2. c4 g6 3. Nc3 Bg7 4. e4 d6 5. h3 O-O 6. Bg5 c6 7. Qd2 a6 8. Rc1 b5
9. cxb5 axb5 10. a3 Nbd7 11. Nf3 Bb7 12. Be2 c5 13. Bxb5 Nxe4 14. Nxe4 Bxe4 15.
d5 Rb8 16. a4 Nb6 17. O-O Nxd5 18. Rfe1 Bxf3 19. gxf3 Nf6 20. b4 cxb4 21. Qxb4
h6 22. Bd2 e6 23. Rc6 d5 24. Bf4 Nh5 25. Bxb8 Qxb8 26. Qd6 Qa7 27. Rec1 e5 28.
Rc8 Rxc8 29. Rxc8+ Kh7 30. Qc7 Qd4 31. Qxf7 Nf6 32. Rc7 Nh5 33. Rc8 Nf6 34. Qe6
e4 35. fxe4 h5 36. Rc6 dxe4 37. Qd6 Qa1+ 38. Kg2 e3 39. fxe3 Qb2+ 40. Kf1 Qb1+
41. Ke2 Qb2+ 42. Kf3 Qb1 43. Qg3 Qe4+ 44. Ke2 Nd5 45. Qf3 Nc3+ 46. Rxc3 Qxf3+
47. Kxf3 Bxc3 48. Ke4 Ba5 49. Ke5 Kh6 50. Be8 g5 51. Kf5 Bb6 52. e4 Bc7 53. Bd7
g4 54. hxg4 hxg4 55. Kxg4 Kg6 56. Kf3 Kf6 57. Ke3 Ke5 58. Bf5 Bb6+ 59. Kd3 Kd6
60. Kc4 Bf2 61. Kb5 Be3 62. Bc8 Bf2 63. Bb7 Be3 64. Bd5 Bd4 65. a5 Bf6 66. Bb3
Bd4 67. Bd1 Bf6 68. Bf3 Bd4 69. Bg2 Bf6 70. Kb6 Bd8+ 71. Ka6 Kc5 72. e5 Bc7 73.
e6 Kd6 74. Bh3 Bd8 75. Kb5 Bh4 76. a6 Bf2 77. Kc4 Ba7 78. Kd3 1-0

[Event "Mitropa Cup 19th"]
[Site "Baden"]
[Date "1999.04.05"]
[Round "5"]
[White "Naumann, Alexander"]
[Black "Benitah, Yohan"]
[Result "1/2-1/2"]
[WhiteElo "2480"]
[BlackElo "2341"]
[PlyCount "93"]
[EventDate "1999.04.??"]
[EventType "team-tourn"]
[EventRounds "9"]
[EventCountry "SUI"]
[Source "ChessBase"]
[SourceDate "1999.08.01"]

1. Nf3 Nf6 2. c4 g6 3. Nc3 c5 4. g3 Bg7 5. Bg2 O-O 6. O-O Nc6 7. d4 cxd4 8.
Nxd4 Nxd4 9. Qxd4 d6 10. Qd3 Nd7 11. b3 Nc5 12. Qd2 a5 13. Ba3 Be6 14. Rac1 Rb8
15. Rfd1 Nd7 16. Nb5 Qb6 17. Nd4 Qxd4 18. Qxd4 Bxd4 19. Rxd4 Rfc8 20. f4 b5 21.
cxb5 Rxc1+ 22. Bxc1 Rxb5 23. Bd2 Nb6 24. Kf2 Kf8 25. Be1 Bd7 26. b4 axb4 27.
Bxb4 Ke8 28. a3 f5 29. e4 fxe4 30. Bxe4 Kd8 31. h4 Kc7 32. Bd3 Rd5 33. Rxd5
Nxd5 34. Ba5+ Kc6 35. Kf3 Kc5 36. h5 gxh5 37. Bxh7 Bg4+ 38. Kf2 Kb5 39. Bd8 e6
40. Bc2 Kc4 41. a4 Nb4 42. Bg6 d5 43. Ke3 Nc6 44. Bf6 d4+ 45. Kd2 Na5 46. Bd3+
Kd5 47. Bd8 1/2-1/2